[Event "QA-ANNIV-02"]
[Site "http://www.queenalice.com/game.php?id=76889"]
[Date "2006.6.15"]
[Round "1"]
[White "startstek"]
[Black "andbra"]
[Result "0-1"]
[WhiteElo "1606"]
[BlackElo "2046"]

1. e4 c5 2. Nf3 d6 3. d4 cxd4 4. Nxd4 Nf6 5. Nc3 a6 6. Be3 Ng4 7. Bg5 h6 8. Bh4
g5 9. Bg3 Bg7 10. h3 Ne5 11. f3 Nbc6 12. Bf2 Be6 13. Qd2 Nxd4 14. Bxd4 Qa5 15.
a3 Rc8 16. O-O-O O-O 17. h4 Ng6 18. hxg5 hxg5 19. Rh5 Bxd4 20. Qxd4 f6 21. Nd5
Qc5 22. Qxc5 Rxc5 23. b4 Rcc8 24. Rh6 Bxd5 25. exd5 Kg7 26. Rh1 Ne5 27. Be2 Rc3
28. Kb2 Rfc8 29. Rd2 Re3 30. Ra1 Rh8 31. Rf1 Rh4 32. Rf2 Rf4 33. g3 Rf5 34. f4
Rxg3 0-1

[Event "QA-ANNIV-02"]
[Site "http://www.queenalice.com/game.php?id=90951"]
[Date "2006.7.31"]
[Round "2"]
[White "Eagle"]
[Black "startstek"]
[Result "0-1"]
[WhiteElo "1367"]
[BlackElo "1606"]

1. e4 e5 2. Nf3 Nc6 3. Bc4 Nf6 4. Nc3 Nxe4 5. Nxe4 d5 6. Bb5 dxe4 7. Bxc6+ bxc6
8. Nxe5 Qd4 9. Nxc6 Qc5 10. Nd4 Qxd4 11. O-O Bd6 12. d3 O-O 13. c3 Qxd3 14. Be3
Qxd1 15. Raxd1 Be6 16. f4 exf3 17. gxf3 Bxa2 18. f4 a5 0-1

[Event "QA-ANNIV-02"]
[Site "http://www.queenalice.com/game.php?id=106400"]
[Date "2006.9.15"]
[Round "3"]
[White "startstek"]
[Black "bragchez"]
[Result "1-0"]
[WhiteElo "1612"]
[BlackElo "1599"]

1. e4 Nc6 2. Nf3 e5 3. Bb5 Bc5 4. O-O Nd4 5. Nxd4 exd4 6. d3 c6 7. Ba4 b5 8. Bb3
Qh4 9. Qf3 Nf6 10. e5 Bb6 11. exf6 Bc7 12. Qe2+ Kd8 13. Qe7# 1-0

[Event "QA-ANNIV-02"]
[Site "http://www.queenalice.com/game.php?id=128224"]
[Date "2006.11.11"]
[Round "4"]
[White "michas"]
[Black "startstek"]
[Result "0-1"]
[WhiteElo "1706"]
[BlackElo "1627"]

1. e4 e5 2. Qh5 Nc6 3. Bc4 g6 4. Qf3 Nf6 5. c3 Bg7 6. Ne2 O-O 7. h3 d6 8. g4 Be6
9. Bd3 d5 10. g5 dxe4 11. Bxe4 Nxe4 12. Qxe4 Bd5 13. Qg4 Bxh1 14. f3 e4 15. Qxe4
Re8 16. Qg4 Qd3 17. f4 Bf3 18. Qxf3 Qxf3 19. Kd1 Rxe2 20. Kc2 Qe4+ 21. Kb3 Bf8
22. a3 Na5+ 23. Ka2 Qc4+ 24. b3 Qxb3# 0-1

[Event "QA-ANNIV-02"]
[Site "http://www.queenalice.com/game.php?id=150544"]
[Date "2007.1.5"]
[Round "5"]
[White "startstek"]
[Black "ycalen"]
[Result "1-0"]
[WhiteElo "1646"]
[BlackElo "1609"]

1. e4 e5 2. Nf3 Nc6 3. Bc4 Bc5 4. b4 Bxb4 5. c3 Be7 6. d4 Na5 7. Bd3 exd4 8.
cxd4 Bb4+ 9. Nbd2 c5 10. dxc5 Bxc5 11. O-O Nf6 12. e5 1-0

[Event "QA-ANNIV-02"]
[Site "http://www.queenalice.com/game.php?id=183837"]
[Date "2007.3.17"]
[Round "6"]
[White "startstek"]
[Black "muppyman"]
[Result "1-0"]
[WhiteElo "1661"]
[BlackElo "1981"]

1. e4 e6 2. d4 d5 3. Nd2 Nf6 4. e5 Nfd7 5. f4 c5 6. c3 cxd4 7. cxd4 Nc6 8. Ndf3
Qb6 9. g3 Bb4+ 10. Kf2 O-O 11. Kg2 f6 12. Bd3 fxe5 13. fxe5 Kh8 14. Bxh7 Kxh7
15. Ng5+ Kg8 16. Qh5 Rf5 17. Qh7+ Kf8 18. Nxe6+ Ke7 19. Qxf5 1-0

[Event "QA-ANNIV-02"]
[Site "http://www.queenalice.com/game.php?id=210969"]
[Date "2007.5.14"]
[Round "7"]
[White "tonyalme"]
[Black "startstek"]
[Result "1/2-1/2"]
[WhiteElo "2216"]
[BlackElo "1718"]

1. d4 Nf6 2. Nf3 g6 3. g3 Bg7 4. Bg2 O-O 5. c4 d6 6. O-O Nc6 7. d5 Na5 8. Na3 c5
9. dxc6 Nxc6 10. Nd4 Bd7 11. e3 Qc8 12. b3 Bh3 13. Qf3 Bxg2 14. Qxg2 a5 15. Bb2
a4 16. Rfd1 axb3 17. axb3 Nd7 18. Nxc6 bxc6 19. Bxg7 Kxg7 20. Nc2 c5 21. Rxa8
Qxa8 22. Ra1 Qxg2+ 23. Kxg2 Rb8 24. Ra3 Rb7 25. Ne1 Ne5 26. Nf3 Nxf3 27. Kxf3
Kf6 28. Ke4 Ke6 29. h4 h6 30. Kd3 g5 31. hxg5 hxg5 32. g4 Ke5 33. f3 e6 34. Kc2
f5 35. gxf5 exf5 36. Ra8 g4 37. fxg4 fxg4 38. Rg8 Kf5 39. Kc3 Re7 40. Kd2 Re6
41. Ke2 Rh6 42. Kf2 Rh2+ 43. Kg3 Re2 44. Rf8+ Ke4 45. Re8+ Kd3 46. Kxg4 Kc3 47.
Kf3 Rb2 48. Ke4 Rxb3 49. Kd5 Rb4 50. Re4 Kd3 51. Rg4 Kc3 52. Rf4 Kd3 53. Rh4 Kc3
1/2-1/2

[Event "QA-ANNIV-03"]
[Site "http://www.queenalice.com/game.php?id=225765"]
[Date "2007.6.15"]
[Round "1"]
[White "startstek"]
[Black "luizmortagua"]
[Result "1-0"]
[WhiteElo "1690"]
[BlackElo "1979"]

1. e4 c5 2. Nf3 d6 3. d4 cxd4 4. Nxd4 Nf6 5. Nc3 g6 6. Be3 Bg7 7. f3 Bd7 8. Qd2
Nc6 9. Bc4 O-O 10. O-O-O Rc8 11. Bb3 Ne5 12. h4 h5 13. Bg5 Rc5 14. Kb1 b5 15. g4
a5 16. gxh5 Nxh5 17. Nd5 Re8 18. Nf4 Nxf4 19. Qxf4 a4 20. Bd5 Qc7 21. h5 gxh5
22. Bh6 e6 23. Bxg7 Kxg7 24. Rxh5 1-0

[Event "QA-ANNIV-02"]
[Site "http://www.queenalice.com/game.php?id=241938"]
[Date "2007.7.18"]
[Round "8"]
[White "clauberfm"]
[Black "startstek"]
[Result "1-0"]
[WhiteElo "2143"]
[BlackElo "1732"]

1. e4 c5 2. Nc3 Nc6 3. Nf3 e6 4. d4 cxd4 5. Nxd4 Qc7 6. Be2 a6 7. Bg5 Bc5 8. Nb3
Bd6 9. h4 h6 10. Be3 Nf6 11. Bb6 Qb8 12. Rh3 Be7 13. Qd3 d6 14. Rg3 Kf8 15.
O-O-O Nd7 16. Be3 b5 17. f4 Nc5 18. Nxc5 dxc5 19. e5 Ra7 20. Ne4 Rd7 21. Nd6
Bxd6 22. exd6 c4 23. Qe4 Bb7 24. f5 Nd8 25. Qd4 f6 26. fxe6 Nxe6 27. Qg4 Qe8 28.
Qf5 h5 29. Bb6 1-0

[Event "QA-ANNIV-03"]
[Site "http://www.queenalice.com/game.php?id=246897"]
[Date "2007.7.27"]
[Round "2"]
[White "Orso"]
[Black "startstek"]
[Result "1-0"]
[WhiteElo "2333"]
[BlackElo "1728"]

1. d4 Nf6 2. c4 g6 3. Nc3 Bg7 4. e4 d6 5. f3 O-O 6. Be3 e5 7. Nge2 c6 8. Qd2
Nbd7 9. O-O-O a6 10. Kb1 b5 11. Nc1 exd4 12. Bxd4 Re8 13. Nb3 Bf8 14. g4 b4 15.
Ne2 c5 16. Bf2 a5 17. g5 Nh5 18. Ng3 a4 19. Nc1 a3 20. b3 Qe7 21. Nxh5 gxh5 22.
Bg2 Ra6 23. Bg3 Ne5 24. f4 h4 25. Bxh4 Nc6 26. f5 Nd4 27. Rde1 h6 28. Nd3 hxg5
29. Bxg5 f6 30. Be3 Nxf5 31. exf5 Bxf5 32. Bd5+ Kh8 33. Bxc5 Bxd3+ 34. Qxd3
Qxe1+ 35. Rxe1 Rxe1+ 36. Kc2 Bh6 37. Qg6 1-0

[Event "QA-ANNIV-03"]
[Site "http://www.queenalice.com/game.php?id=270109"]
[Date "2007.9.11"]
[Round "3"]
[White "startstek"]
[Black "egis"]
[Result "1/2-1/2"]
[WhiteElo "1726"]
[BlackElo "2068"]

1. e4 c5 2. Nf3 d6 3. d4 cxd4 4. Nxd4 Nf6 5. Nc3 e5 6. Nb3 Be7 7. Be3 O-O 8. f3
Nc6 9. Qd2 a5 10. Bb5 Bd7 11. O-O Nb4 12. Be2 b6 13. a3 Nc6 14. Rad1 Be6 15. Qe1
Nd7 16. Nb5 Bxb3 17. cxb3 Nc5 18. Bc4 Na7 19. Nc3 Bh4 20. Qd2 Nc8 21. f4 exf4
22. Bxf4 Bf6 23. Qe3 Bxc3 24. bxc3 Nb7 25. Rf3 Qc7 26. Qf2 b5 27. Bxb5 Nc5 28.
Bc4 Nxe4 29. Qh4 Qa7+ 30. Be3 Qe7 31. Qh5 Nf6 32. Qh4 Ne4 33. Qh5 Nf6 34. Qh4
1/2-1/2

[Event "QA-ANNIV-02"]
[Site "http://www.queenalice.com/game.php?id=271741"]
[Date "2007.9.14"]
[Round "9"]
[White "startstek"]
[Black "markus765432"]
[Result "0-1"]
[WhiteElo "1730"]
[BlackElo "2096"]

1. e4 c5 2. Nf3 d6 3. d4 cxd4 4. Nxd4 Nc6 5. Nc3 g6 6. Be3 Bg7 7. Qd2 Nf6 8. f3
Bd7 9. Bc4 O-O 10. O-O-O Qa5 11. Bb3 Rfc8 12. h4 Ne5 13. Kb1 b5 14. Ncxb5 Qa6
15. Nc3 Rab8 16. h5 Nc4 17. Qd3 Nxh5 18. Nd5 Bf8 0-1

[Event "QA-ANNIV-03"]
[Site "http://www.queenalice.com/game.php?id=316042"]
[Date "2007.12.6"]
[Round "4"]
[White "javierqz"]
[Black "startstek"]
[Result "0-1"]
[WhiteElo "2086"]
[BlackElo "1740"]

1. e4 e5 2. Nf3 Nc6 3. Bb5 a6 4. Ba4 Nf6 5. O-O Be7 6. Re1 b5 7. Bb3 d6 8. c3
O-O 9. d4 Bg4 10. Be3 exd4 11. Bxd4 Nxd4 12. cxd4 c5 13. h3 Bxf3 14. Qxf3 cxd4
15. Nd2 Nd7 16. Rad1 Ne5 17. Qg3 Bf6 18. f4 Bh4 19. Qh2 Bxe1 20. fxe5 Bxd2 21.
Rxd2 Qg5 22. Rxd4 Qe3+ 0-1

[Event "Challenge"]
[Site "http://www.queenalice.com/game.php?id=328518"]
[Date "2007.12.31"]
[Round "-"]
[White "averroes02"]
[Black "startstek"]
[Result "0-1"]
[WhiteElo "1816"]
[BlackElo "1770"]

1. d4 Nf6 2. c4 g6 3. Nc3 Bg7 4. e4 d6 5. f4 O-O 6. Nf3 c5 7. d5 e6 8. Be2 exd5
9. cxd5 Re8 10. e5 dxe5 11. fxe5 Ng4 12. Bg5 Qb6 13. Na4 Qa5+ 14. Bd2 Qc7 15.
O-O Nxe5 16. Ng5 Bf5 17. Bc3 h6 18. Nf3 Qd6 19. Qb3 b6 0-1

[Event "QA-ANNIV-03"]
[Site "http://www.queenalice.com/game.php?id=385495"]
[Date "2008.4.10"]
[Round "6"]
[White "Maxwell"]
[Black "startstek"]
[Result "1/2-1/2"]
[WhiteElo "2042"]
[BlackElo "1790"]

1. d4 Nf6 2. Nf3 g6 3. Bg5 Bg7 4. Nbd2 O-O 5. e3 d6 6. Bc4 d5 7. Bb3 c6 8. O-O
h6 9. Bh4 Bf5 10. c3 g5 11. Bg3 Nbd7 12. Re1 Nh5 13. e4 dxe4 14. Nxe4 Nxg3 15.
hxg3 Qc7 16. Qe2 Rae8 17. Nfd2 Bg6 18. Rad1 Kh8 19. g4 Nf6 20. Ng3 Qf4 21. Nh5
Qxg4 22. Nxg7 Qxe2 23. Rxe2 Kxg7 24. Rde1 e6 25. Nf3 Bh5 26. Re3 Nd5 27. Bxd5
cxd5 28. Ne5 Re7 29. g4 Bg6 30. Kh2 Bh7 31. Kg3 Rc8 32. Nf3 b5 33. Nd2 Rc6 34.
Nb3 Bg6 35. Nc5 Rc8 36. Re5 Ree8 37. Nb7 Rb8 38. Nc5 Rbc8 39. a3 Rh8 40. Rh1
Rhd8 41. Rhe1 Rh8 42. Rh1 Rhd8 43. f3 Re8 44. Rhe1 Rh8 45. Rh1 Rhd8 46. Rh2 Rh8
47. Rh1 1/2-1/2

[Event "QA-ANNIV-03"]
[Site "http://www.queenalice.com/game.php?id=413678"]
[Date "2008.6.5"]
[Round "7"]
[White "palaciorep"]
[Black "startstek"]
[Result "0-1"]
[WhiteElo "1859"]
[BlackElo "1800"]

1. e4 e5 2. Nf3 Nc6 3. Bb5 a6 4. Bxc6 dxc6 5. h3 Qd6 6. O-O Be6 7. Nc3 O-O-O 8.
d3 Ne7 9. Be3 c5 10. Ne2 f6 11. Nc1 g5 12. Nh2 h5 13. f3 Ng6 14. Ne2 Nf4 15.
Bxf4 gxf4 16. Kf2 c4 17. Nc1 Rg8 18. Rg1 Qd4+ 19. Kf1 Bc5 20. Ne2 Qf2# 0-1

[Event "QA-ANNIV-04"]
[Site "http://www.queenalice.com/game.php?id=418507"]
[Date "2008.6.16"]
[Round "1"]
[White "startstek"]
[Black "Indefinable"]
[Result "1-0"]
[WhiteElo "1818"]
[BlackElo "2040"]

1. e4 e5 2. Nf3 Nc6 3. Bc4 Nf6 4. d3 Be7 5. c3 O-O 6. O-O d6 7. Bb3 Be6 8. Bc2
h6 9. Nbd2 Nh7 10. d4 exd4 11. cxd4 Bd7 12. Re1 Bg4 13. Nb3 Ng5 14. Bxg5 Bxg5
15. a3 f5 16. h3 Bh5 17. exf5 Qd7 18. g4 Bf7 19. Nxg5 hxg5 20. Qd3 Ne7 21. Qe3
Nd5 22. Qxg5 Nf6 23. Qd2 Bd5 24. Qd3 Rae8 25. Nd2 Qc6 26. Bb3 Kh8 27. Bxd5 Qxd5
28. Nf3 Ne4 29. Re3 Rf6 30. Rae1 Rh6 31. Rxe4 1-0

[Event "QA-ANNIV-04"]
[Site "http://www.queenalice.com/game.php?id=445695"]
[Date "2008.8.8"]
[Round "2"]
[White "robelix"]
[Black "startstek"]
[Result "0-1"]
[WhiteElo "2101"]
[BlackElo "1843"]

1. d4 Nf6 2. c4 g6 3. Nc3 Bg7 4. e4 d6 5. Nf3 O-O 6. Be2 e5 7. O-O Nc6 8. d5 Ne7
9. b4 Nh5 10. Re1 f5 11. Ng5 Nf6 12. Bf3 c6 13. Ne6 Bxe6 14. dxe6 fxe4 15. Nxe4
Nxe4 16. Bxe4 d5 17. cxd5 cxd5 18. Bc2 Qb6 19. Qe2 Qxe6 20. Bb3 Kh8 0-1

[Event "QA-ANNIV-03"]
[Site "http://www.queenalice.com/game.php?id=446346"]
[Date "2008.8.9"]
[Round "8"]
[White "startstek"]
[Black "Pagano"]
[Result "1-0"]
[WhiteElo "1869"]
[BlackElo "1956"]

1. e4 a6 2. d4 b5 3. Bd3 Bb7 4. Nf3 e6 5. O-O c5 6. c3 c4 7. Bc2 Nf6 8. Re1 d6
9. Nbd2 Nbd7 10. Nf1 Be7 11. Ng3 Qc7 12. a4 e5 13. Nf5 Kf8 14. axb5 axb5 15.
Rxa8+ Bxa8 16. Qd2 Nh5 17. b3 h6 18. Ba3 exd4 19. Qxd4 cxb3 20. Bxb3 Nc5 21. Bd5
Bxd5 22. exd5 Bf6 23. Qe3 Qb8 24. Nxd6 1-0

[Event "QA-ANNIV-03"]
[Site "http://www.queenalice.com/game.php?id=469831"]
[Date "2008.9.28"]
[Round "9"]
[White "jagvg"]
[Black "startstek"]
[Result "1-0"]
[WhiteElo "2236"]
[BlackElo "1888"]

1. e4 e5 2. Nf3 Nc6 3. Bb5 a6 4. Ba4 Nf6 5. O-O Be7 6. Nc3 b5 7. Bb3 O-O 8. d3
d6 9. a4 b4 10. Nd5 Na5 11. Ba2 Nxd5 12. Bxd5 c6 13. Ba2 Be6 14. Bxe6 fxe6 15.
Be3 c5 16. Nd2 Bg5 17. Qg4 1-0

[Event "QA-ANNIV-05"]
[Site "http://www.queenalice.com/game.php?id=654450"]
[Date "2009.9.18"]
[Round "2"]
[White "Harir"]
[Black "startstek"]
[Result "1-0"]
[WhiteElo "2167"]
[BlackElo "1905"]

1. e4 e5 2. Nf3 Nc6 3. Bb5 a6 4. Ba4 Nf6 5. Nc3 b5 6. Bb3 Be7 7. O-O O-O 8. d3
d6 9. Be3 Na5 10. Ne2 Nxb3 11. axb3 Ng4 12. Ng3 g6 13. Bd2 f5 14. exf5 gxf5 15.
Qe2 Qe8 16. h3 Nf6 17. Bh6 Rf7 18. Ng5 f4 19. Qf3 Rb8 20. Nxf7 1-0